Czechoslovak Economic Papers 24

Saved in:
Bibliographic Details
Format: Book
Language:English
Czech
Published: Prague Academia 1987
Edition:1. ed.
Tags: Add Tag
No Tags, Be the first to tag this record!

MARC

LEADER 00000nam a2200000 4500
001 c024981
005 20221219102554.6
041 0 |a eng 
041 0 |a cze 
044 |a CZ 
245 1 0 |a Czechoslovak Economic Papers 24 
250 |a 1. ed. 
264 1 |a Prague  |b Academia  |c 1987 
300 |a 159 s.